| 000 | 00919nam a2200229 i 4500 | ||
|---|---|---|---|
| 001 | 175267 | ||
| 003 | ES-MaACL | ||
| 005 | 20250823063126.0 | ||
| 007 | t| | ||
| 008 | 101019s1971 sp f ||||1| spa d | ||
| 080 | _a725(460.27 M.)"17" | ||
| 100 | 1 |
_aMoya Blanco, Luis, _d1904-1990 _983965 |
|
| 245 | 1 | 0 |
_aIdeas en la arquitectura madrileña de la época de Napoleón / _cpor Luis Moya Blanco. |
| 260 |
_aMadrid : _bAyuntamiento de Madrid, Delegación de Educación : _bInstituto de Estudios Madrileños, _c1971. |
||
| 300 |
_a20 p. , [17] h. de lám. ; _c22 cm. |
||
| 490 | 1 |
_aCiclo de conferencias sobre monumentos madrileños ; _v14 |
|
| 650 | 7 |
_aMonumentos- _zMadrid- _yS. XVIII _2 _9143661 |
|
| 710 | 2 |
_aInstituto de Estudios Madrileños _94916 |
|
| 830 | 0 |
_aCiclo de conferencias sobre monumentos madrileños ; _v14 _9189598 |
|
| 852 |
_aES-MaACL _j2258-F-14 _xOlim P-53 |
||
| 999 |
_c175267 _d175267 |
||